000 00488nam a2200169Ia 4500
008 240729s9999 xx 000 0 und d
022 _a2090-2913
245 0 _aJournal of Skin Cancer
260 _aUnited Kingdom
260 _bHindawi Limited
650 _a Internal medicine
650 _a Neoplasms. Tumors. Oncology. Including cancer and carcinogens
650 _aMedicine
856 _uhttps://doaj.org/toc/8b6c0a38b66146ceac6b0b4b7568ae63
942 _2ddc
942 _cDOAJEJ
999 _c71512
_d71512
945 _a1
_bMadushi Gamage
_c1
_dMadushi Gamage